Statistics for Nauru True or False?

Click here to take the quiz!

General Stats

  • This quiz has been taken 459 times
    (437 since last reset)
  • The average score is 10 of 15

Answer Stats

QuestionAnswer% Correct
Nauru is the smallest country in the world.False
95%
Nauru is located in the Indian Ocean.False
90%
Japanese occupied Nauru during WWII.True
89%
Nauru has the highest obesity and diabetes rates.True
85%
Nauru became one of the richest countries of the world by exploiting titanium.False
75%
Most of the Nauruans are Hindus.False
72%
Nauru government earned money by illegally selling passports.True
69%
Nauru has an international airport.True
68%
Nauru is a member of the Commonwealth of NationsTrue
68%
Nauru doesn’t have official capital city.True
64%
Nauru is the most geographically isolated country in the world.False
61%
Nauru has been colonized by Germany.True
54%
Queen Elizabeth has already visited Nauru.True
50%
The line on the Nauru flag represents the Tropic of Capricorn.False
48%
Nauru national sport is rugby.False
30%

Score Distribution

Percentile by Number Answered

Percent of People with Each Score

Your Score History

You have not taken this quiz since the last reset